000 00587 a2200181 4500
999 _c8991
_d8991
020 _a0852558317
050 _aDT352.8 BAC 1999
100 _aBach, Daniel
_eauthor
245 _aRegionalisation in Africa :
_bintegration & disintegration /
_cDaniel C. Bach
264 _aOxford :
_bJames Currey,
_c1999
300 _axix, 235p. ;
_b24cm.
500 _aIncludes bibliography and index.
650 _aRegionalism (International organisation)
650 _aSub-Saharan Africa
650 _aPolitics and government
650 _aInternational relations
942 _2lcc
_cBK
_h352.8
_iBAC
_kDT